[Event "II Maxistral Compostela 2020"]
[Site "Santiago de Compostela"]
[Date "2020.02.14"]
[Round "5.2"]
[White "Suarez Gomez, Julio"]
[Black "Medarde Santiago, Luis Marcos"]
[Result "1/2-1/2"]
[WhiteElo "2439"]
[BlackElo "2246"]
[Annotator "TA"]
[PlyCount "56"]
[EventDate "2020.02.11"]
[EventType "tourn"]
[EventCountry "ESP"]
[SourceTitle "playchess.com"]
[Source "ChessBase"]
[SourceQuality "1"]

{[%evp 11,56,0,0,0,0,0,6,0,0,-24,2,-6,7,0,0,0,40,29,57,69,70,15,19,28,92,38,41,0,18,0,0,0,0,0,0,0,0,-37,-37,-40,-32,-35,-30,-31,7,-115,-129]} 1. e4 c5 2. Nf3 d6 3. Nc3 Nc6 4. Bb5 Bd7 5. O-O Nf6 6. Re1 e6 7. a4 {B51: Sicilian: Moscow Variation (3 Bb5+) without 3...Bd7.} Be7 8. d4 cxd4 9. Nxd4 {The position is equal.} O-O {[#]} 10. b3 $146 ({Predecessor:} 10. h3 Qc7 11. Bg5 a6 12. Bf1 Ne5 13. Qe2 Rac8 14. Rad1 Qb6 15. Nb3 h6 16. Be3 {0-1 (41) Mrdja,M (2379)-Georgiev,K (2648) Padova 2013}) 10... Qa5 11. Bb2 Rac8 12. Nxc6 Bxc6 13. Bd3 Rfd8 14. Nb5 a6 15. Bc3 Qb6 {[%cal Rc6b5]} 16. Bd4 (16. a5 $14 Qc5 17. Bd4) 16... Qa5 $11 17. Na7 Rc7 {[#]} (17... Ra8 $11) 18. Nxc6 (18. c3 $1 $16 {Nb5! is the strong threat.} Rcd7 19. b4) 18... Rxc6 $14 19. Qb1 Qh5 20. Re3 Ng4 21. Rh3 Qg5 22. Rg3 Qh4 23. h3 Ne5 24. Bxe5 dxe5 25. b4 Rb6 26. c3 Bc5 {[#] White must now prevent ...Qxg3.} 27. Rf3 {Threatens to win with a5.} a5 {[%cal Ra5b4]} 28. b5 (28. Qc2 $11 {keeps the balance.} Bf8 29. bxa5) 28... Rbd6 {Accuracy: White = 71%, Black = 70%.} 1/2-1/2

[Event "II Maxistral Compostela 2020"]
[Site "Santiago de Compostela"]
[Date "2020.02.14"]
[Round "5.3"]
[White "Gonzalez Trigal, Jose Luis"]
[Black "Galego, Luis"]
[Result "0-1"]
[WhiteElo "2369"]
[BlackElo "2486"]
[Annotator "TA"]
[PlyCount "164"]
[EventDate "2020.02.11"]
[EventType "tourn"]
[EventCountry "ESP"]
[SourceTitle "playchess.com"]
[Source "ChessBase"]
[SourceQuality "1"]

{[%evp 16,164,38,36,59,47,45,40,54,41,48,57,54,41,36,50,49,28,30,20,25,38,33,12,18,8,8,5,14,14,19,5,8,8,5,2,6,9,9,7,12,2,18,9,18,0,0,0,0,0,0,0,0,0,31,0,0,0,8,0,0,-2,-3,-9,-3,-34,-22,-27,-36,-21,-22,-284,-261,-245,-179,-371,-372,-431,-421,-414,-400,-614,-607,-992,-966,-980,-896,-900,-839,-931,-1016,-1005,-977,-1027,-1006,-1051,-631,-767,-942,-984,-689,-738,-747,-714,-655,-799,-789,-738,-625,-394,-26,-26,-20,-26,-26,-26,-11,-11,-11,-11,-12,-847,-870,-792,-593,-280,-326,-832,-574,-803,-807,-573,-153,-160,-148,-4141,-4141,-4141,-4141,-4137,0,-4141,-4141,-29976,-29977,-29986,-29987,-29989,-29990,-29990,-29991]} 1. d4 e6 2. c4 Bb4+ 3. Bd2 Bxd2+ 4. Qxd2 Nf6 5. Nc3 d6 6. Nf3 Qe7 7. g3 O-O 8. Bg2 e5 9. O-O h6 {[#] E11: Bogo-Indian.} 10. Rac1 $146 ({Predecessor:} 10. h3 e4 11. Ne1 c6 12. Nc2 Bf5 13. Qf4 Bh7 14. g4 Nbd7 15. Ne3 Rae8 16. h4 Kh8 17. Bh3 Ng8 18. Qg3 f5 19. gxf5 Ngf6 20. Qh2 Nh5 21. f3 exf3 22. Rxf3 Qxh4 {0-1 (22) Harestad,T (2200)-Baruch,A (2039) Rhodes 2019}) 10... c6 11. c5 e4 {White is slightly better.} 12. cxd6 Qxd6 13. Ne5 Re8 14. Rfd1 Nbd7 $1 15. Nc4 Qe7 16. d5 cxd5 17. Nxd5 Nxd5 18. Qxd5 Nf6 19. Qb5 Rb8 20. a3 Bg4 21. Kf1 b6 22. Ne3 Bd7 23. Qc4 Rbc8 24. Qd4 Be6 25. Qa4 Qb7 26. Kg1 a5 27. Rxc8 Rxc8 28. h3 Qa6 29. Rd2 b5 30. Qd1 b4 31. axb4 axb4 32. Rd8+ Rxd8 33. Qxd8+ Kh7 34. Qd2 Qb5 35. Qc2 Qe5 36. Qd2 b3 37. Kh2 g6 38. f4 exf3 39. exf3 g5 {Black wants to play ...h5.} 40. Bf1 Nh5 $36 {[%mdl 2048] White is under pressure.} 41. Bd3+ Kg7 42. Nf1 Qd4 43. Qc3 $2 {[%mdl 8192]} (43. Bb1 $11 Qe5 44. Bd3) 43... Qxc3 $19 44. bxc3 {[%mdl 4096] Endgame KBN-KBN} Nf6 45. c4 $2 (45. Nd2 {keeps fighting.}) 45... Nd7 $1 46. Nd2 Nc5 47. Bb1 Kf6 48. f4 (48. Kg1 $142 Ke5 49. Kf2) 48... gxf4 49. gxf4 Bf5 50. Kg3 b2 51. Kf3 Bxh3 52. Ke3 Bf5 53. Ba2 h5 54. Kd4 Ne6+ 55. Kc3 h4 56. Kxb2 h3 57. Nf1 Nxf4 58. Kc3 Ke5 59. c5 f6 60. Kd2 Be4 61. Ke3 f5 62. Bc4 Ng6 $2 (62... Ne6 $1 $19 63. Nh2 f4+ 64. Kf2 Ng5) 63. Nh2 $11 Nh4 64. Bb5 f4+ 65. Kf2 Bg2 {Threatens to win with ...Kd5.} 66. Bd7 Kd5 67. c6 {Black must now prevent c7.} Kd6 {aiming for ...Ng6.} 68. Be8 $2 {[%mdl 8192] [#]} (68. Kg1 $11 Kc7 69. Kf2) 68... Nf5 $1 $19 {[%cal Rf5g3]} 69. Bd7 {[#]} Nd4 $1 {[%cal Rd4c6]} 70. Bg4 Kxc6 71. Bh5 $2 (71. Nf1) 71... Kd6 72. Bg4 Ke5 73. Bc8 Kf6 $2 (73... Ne6 $19 74. Ng4+ Kd6) 74. Ng4+ $17 Kg5 75. Nh2 $2 {[%mdl 8192]} (75. Ne5 $17) 75... Kh4 $19 76. Bd7 Bb7 77. Bg4 Bg2 78. Bd7 Nb3 79. Ng4 Nc5 {Black mates.} 80. Ne5 Nxd7 81. Nxd7 Bc6 82. Ne5 h2 {Accuracy: White = 62%, Black = 87%.} 0-1

[Event "II Maxistral Compostela 2020"]
[Site "Santiago de Compostela"]
[Date "2020.02.14"]
[Round "5.4"]
[White "Grigoryan, Karen H."]
[Black "Petkov, Vladimir"]
[Result "1-0"]
[WhiteElo "2654"]
[BlackElo "2514"]
[Annotator "TA"]
[PlyCount "93"]
[EventDate "2020.02.11"]
[EventType "tourn"]
[EventCountry "ESP"]
[SourceTitle "playchess.com"]
[Source "ChessBase"]
[SourceQuality "1"]

{[%evp 18,93,8,0,-14,0,17,-85,-94,-123,-121,-131,-131,-131,-125,-144,-122,-158,-171,-155,-155,-169,-96,-106,-97,-89,-95,-110,-113,-112,-117,-134,-137,-141,-127,-157,-109,-198,-222,-266,-260,-241,-186,-276,-272,-270,-268,-257,-252,-244,-179,-181,-181,-242,-235,-235,-235,-322,-68,-360,-327,-412,-412,-702,-661,-1365,-342,-1012,-445,-470,-261,-207,0,0,95,0,582,538]} 1. e4 c5 2. Nf3 d6 3. d4 cxd4 4. Nxd4 Nf6 5. Nc3 a6 6. Be3 e6 7. f3 Nbd7 8. Qd2 b5 9. g4 h6 10. h4 b4 {B80: Sicilian Scheveningen: 6 g3 and 6 Be3, including English Attack.} 11. Na4 {is cutting edge theory.} Ne5 12. Be2 ({Don't play} 12. Qxb4 d5 $15) (12. Rg1 $11) 12... Bd7 $1 $17 {[%cal Rd7a4] [#] Black is better.} 13. Nb6 $146 ({Predecessor:} 13. b3 d5 14. Bd3 dxe4 15. fxe4 Nfxg4 16. Bf4 Be7 17. O-O-O Bxa4 18. bxa4 Nxd3+ 19. Qxd3 {0-1 (36) Perez,H (1822)-Guliyev,N (2535) ICC INT 2009}) 13... Qxb6 {[#]} 14. Nxe6 $1 {[%mdl 512]} Qb8 (14... Bxe6 15. Bxb6) 15. Nxf8 Kxf8 16. O-O-O Ne8 17. Rhg1 Bb5 18. f4 Bxe2 19. Qxe2 Nd7 (19... Nc6 $19 20. Kb1 Qb7) 20. e5 Qb5 21. Qxb5 axb5 22. Kb1 h5 $1 23. g5 g6 $1 24. exd6 Ng7 $1 25. Bd4 Rg8 $1 26. Bf6 Ne6 27. Be7+ (27. Rd5 $17) 27... Kg7 $19 28. Rgf1 Ra6 29. f5 Nec5 30. f6+ (30. Bf6+ {keeps fighting.} Kh7 31. Rd4) 30... Kh7 31. Rf4 Rga8 32. Rxb4 Rxa2 {[%csl Ga8][%cal Ra2a1]} 33. c3 R2a5 34. Kc2 Nb6 35. Rdd4 (35. d7 {might work better.} Ncxd7 36. Rd6) 35... Ncd7 36. Kd3 Rc8 37. Kc2 Rc5 $2 (37... Nc4 $19 {Strongly threatening ...Kg8.} 38. Re4 Rc5) 38. Re4 $2 {[%mdl 8192]} ({Only move:} 38. Bd8 $15 Ra8 39. Bxb6 Nxb6 40. Re4) 38... Ra8 39. Re1 Nc4 40. Re4 (40. b3 $142 Nce5 41. Rbe4) 40... Rf5 41. Re2 Ra6 $2 (41... Ra1 42. Rxc4 bxc4) 42. Bd8 $2 (42. Kb1) 42... Rxd6 (42... Ra1 $142 {( -> ...Nc5)} 43. Rh2 Nc5) 43. b3 Nce5 (43... Na3+ $142 44. Kb2 Nc5) 44. Rxb5 {intending Bc7.} Re6 $2 ({Black should try} 44... Nf3 $1 $19 45. Rxf5 gxf5) 45. Bc7 $11 {[#]} Kg8 {[#]} (45... Nc4 $1 $11 {[%mdl 512] remains equal.} 46. Rxe6 (46. bxc4 Rxe2+) 46... Na3+ {[%mdl 64] Double Attack} 47. Kc1 Nxb5) 46. Rd5 (46. Ra5 $1 $16) 46... Nf8 $2 {[%mdl 8192]} (46... Nf3 $11 {and Black stays safe.} 47. Rxe6 Rxd5 48. Re8+ Kh7) 47. Rdxe5 {Accuracy: White = 36%, Black = 60%.} 1-0

[Event "II Maxistral Compostela 2020"]
[Site "Santiago de Compostela"]
[Date "2020.02.14"]
[Round "5.5"]
[White "Portela Peleteiro, Alberto"]
[Black "Sanchez Aller, Fernando"]
[Result "0-1"]
[WhiteElo "2369"]
[BlackElo "2350"]
[Annotator "TA"]
[PlyCount "97"]
[EventDate "2020.02.11"]
[EventType "tourn"]
[EventCountry "ESP"]
[SourceTitle "playchess.com"]
[Source "ChessBase"]
[SourceQuality "1"]

{[%evp 10,97,45,0,16,-26,30,-11,13,12,9,7,3,14,26,32,22,12,4,0,42,18,22,17,7,7,8,0,0,-15,-20,-15,0,0,0,-83,-66,-51,-60,-77,-79,-99,-103,-120,-113,-224,-227,-215,-236,-235,-216,-226,-199,-275,-157,-283,-283,-286,-268,-505,-503,-493,-493,-483,-309,-258,0,-464,0,-475,-461,-493,-480,-402,-204,-658,-559,-782,-742,-774,-766,-1312,-1248,-1125,-1202,-1809,-1812,-6713,-6644,-29955]} 1. g3 g6 2. Bg2 Bg7 3. e4 d6 4. d4 Nc6 5. Ne2 e5 6. Be3 Nf6 {B06: Modern Defence.} 7. f3 O-O (7... exd4 $142 8. Nxd4 Nxd4 9. Bxd4 c5) 8. Nbc3 (8. d5 $5 {[%cal Rd5c6]} Nb8 9. O-O $14) 8... a6 {[#] The position is equal.} 9. O-O $146 ({Predecessor:} 9. a3 Bd7 10. Qd2 b5 11. b3 Rb8 12. b4 a5 13. Na2 Qc8 14. h3 Re8 15. c3 {½-½ (73) Varga,M-Ivancic,D (1638) Szombathely 2010}) 9... exd4 10. Nxd4 Ne5 11. b3 c5 12. Nde2 b5 13. Nf4 Bb7 14. Qd2 Qa5 (14... b4 $5 {[%cal Rb4c3]} 15. Ncd5 Nc6 $11) 15. a4 b4 16. Ncd5 ({Don't play} 16. Qxd6 bxc3 17. Qxe5 Nd5 $17) 16... Nxd5 17. Nxd5 Nc6 18. Bh6 Nd4 {[#] Threatens to win with ...Bxh6.} 19. Bxg7 Kxg7 20. Nf4 d5 21. exd5 Rad8 22. Ne2 (22. Rae1 $11) 22... Rxd5 23. Nxd4 Rxd4 24. Qe2 {[#]} c4 $1 {[%mdl 512]} 25. Rad1 (25. bxc4 Rc8) 25... Rfd8 26. Rxd4 Rxd4 27. Qe3 (27. f4 $17 {might work better.} Bxg2 28. Kxg2) 27... Qd5 $19 28. bxc4 Rxc4 29. Rf2 Qc5 30. Qxc5 Rxc5 {[%mdl 4096] Endgame KRB-KRB} 31. Bf1 (31. f4 $142 Bc8 32. Be4) 31... Rc3 (31... a5 $19 32. Bb5 h5) 32. Rd2 (32. a5 $17) 32... a5 ({Weaker is} 32... Bxf3 33. Bxa6 Bc6 34. Bb5 $15) 33. Be2 Bc6 ({Not} 33... Bxf3 34. Bxf3 Rxf3 35. Rd5 $17) 34. Bd1 $2 (34. Kf1 {was necessary.}) 34... Bxa4 35. Kf2 Bc6 {aiming for ...a4.} 36. Rd4 Rc5 37. Ke3 Rc3+ $2 (37... Kf6 38. f4 Ke6) 38. Kf2 $1 Ba4 39. Rd2 Kf6 40. f4 Ke7 41. Ke1 h5 (41... Bc6 $142 42. Be2 a4) 42. Kf2 $2 (42. Rd5) 42... Bd7 {Black is clearly winning.} 43. Rd4 Bf5 44. Rd5 Bxc2 45. Bxc2 Rxc2+ 46. Ke3 a4 {[%cal Ba5a4,Ba4a3,Ba3a2][%mdl 32]} 47. Ra5 a3 48. Ra4 a2 49. Kd4 {Accuracy: White = 49%, Black = 78%.} 0-1

[Event "II Maxistral Compostela 2020"]
[Site "Santiago de Compostela"]
[Date "2020.02.16"]
[Round "6.1"]
[White "Strikovic, Aleksa"]
[Black "Sanchez Aller, Fernando"]
[Result "1-0"]
[WhiteElo "2479"]
[BlackElo "2350"]
[Annotator "TA"]
[PlyCount "97"]
[EventDate "2020.02.11"]
[EventType "tourn"]
[EventCountry "ESP"]
[SourceTitle "playchess.com"]
[Source "ChessBase"]
[SourceQuality "1"]

{[%evp 16,97,55,31,56,51,54,54,69,50,45,45,54,45,58,67,54,66,83,37,42,51,44,36,45,31,37,29,93,78,99,93,103,98,89,93,116,120,125,131,133,123,152,135,141,137,152,135,247,241,328,324,350,103,95,0,0,0,0,0,0,0,0,0,0,0,0,0,1196,812,12850,12850,12850,12851,12851,27999,12851,12851,12851,12851,12851,27999,12851,29977]} 1. c4 g6 2. d4 Nf6 3. Nc3 Bg7 4. e4 d6 5. f3 O-O 6. Be3 Nbd7 7. Nh3 c5 8. d5 a6 9. a4 {[%cal Ba2a4,Ba4a5][%mdl 32]} Qb6 {[#] E81: King's Indian: Sämisch: 6th move deviations (including 6 Be3 c6).} 10. a5 $146 ({Predecessor:} 10. Qd2 Ne5 11. a5 Qc7 12. Nf2 b6 13. axb6 Qxb6 14. Be2 Rb8 15. Na4 Qc7 16. O-O Rb4 17. Rfc1 {½-½ (59) Zheng,M-Hemstapat,A (1997) Victoria 2017}) 10... Qc7 11. Be2 e6 {White is slightly better.} 12. O-O exd5 13. cxd5 b5 14. axb6 Qxb6 15. Qd2 Rb8 16. Rfb1 Ne8 17. b4 Qd8 18. bxc5 Rxb1+ 19. Rxb1 {c6 is the strong threat.} Nxc5 20. Nf2 Qa5 21. Bd4 Nf6 (21... Qc7 $11 {remains equal.}) 22. Qb2 $36 {[%mdl 2048] Black is under strong pressure.} Ne8 23. Bxg7 Nxg7 24. Qb4 Qd8 25. e5 Re8 26. exd6 Qxd6 27. Nce4 Nxe4 28. Nxe4 ({Don't take} 28. fxe4 Qxb4 29. Rxb4 f5 $14) 28... Qe5 29. Qb2 Qxb2 30. Rxb2 {Threatens to win with Nf6+.} Kf8 31. Kf2 h6 (31... h5 $16 32. Rb6 Bf5) 32. g4 $1 $18 Rd8 33. Rb8 f5 34. Nc5 $2 (34. gxf5 $18 {and the rest is easy.} gxf5 35. Bxa6 $1 {[%mdl 576] Pin} fxe4 36. fxe4 (36. Bxc8 e3+ {[%mdl 64] Decoy} 37. Kxe3 Nf5+ 38. Kf4 Nd6 $11) (36. Rxc8 Rxc8 37. Bxc8 exf3 $16)) 34... Ke7 $16 35. Bxa6 ({White should play} 35. Ra8 $16) 35... Bxa6 $11 36. Rxd8 Kxd8 37. Nxa6 fxg4 38. fxg4 $16 {[%mdl 4096] Endgame KN-KN} Ne8 39. Nb4 Kd7 40. Kf3 Kd6 41. Kf4 {And now g5 would win.} Ng7 $2 {[%mdl 8192] [#]} (41... Kc5 $11) 42. g5 $1 $18 {[%cal Rg5h6]} hxg5+ 43. Kxg5 Nf5 44. Kxg6 Nh4+ 45. Kh5 Nf3 46. h4 Kc5 47. Kg4 Ne5+ 48. Kf5 Kd6 49. h5 {Accuracy: White = 87%, Black = 67%.} 1-0

[Event "II Maxistral Compostela 2020"]
[Site "Santiago de Compostela"]
[Date "2020.02.16"]
[Round "6.2"]
[White "Petkov, Vladimir"]
[Black "Portela Peleteiro, Alberto"]
[Result "1-0"]
[WhiteElo "2514"]
[BlackElo "2369"]
[Annotator "TA"]
[PlyCount "67"]
[EventDate "2020.02.11"]
[EventType "tourn"]
[EventCountry "ESP"]
[SourceTitle "playchess.com"]
[Source "ChessBase"]
[SourceQuality "1"]

{[%evp 9,67,39,46,57,60,43,53,36,53,44,48,46,42,51,73,81,87,75,80,71,102,106,102,101,116,88,113,107,129,145,138,116,128,135,212,206,196,195,173,156,310,270,312,205,192,189,252,233,471,491,472,464,750,750,879,856,846,838,814,828]} 1. d4 d6 2. Nf3 g6 3. e4 Bg7 4. Bc4 a6 5. a4 b6 6. O-O {B06: Modern Defence.} e6 7. Re1 Ne7 8. c3 {White is slightly better.} h6 9. Na3 {[#]} Nd7 $146 ({Predecessor:} 9... Bb7 10. Qe2 O-O 11. Nc2 d5 12. Bd3 c5 13. dxc5 bxc5 14. exd5 Nxd5 15. Ra3 Nc6 {0-1 (35) Coenen,S (2008)-Hulshof,P (2222) Goch 2013}) 10. Bd3 Bb7 11. Nc4 e5 12. dxe5 dxe5 13. b4 O-O 14. Ra2 Kh7 15. Rd2 {And now Bc2 would win.} Qe8 16. Bc2 Rd8 17. Ba3 f6 18. Qe2 Nb8 19. Rxd8 Qxd8 20. b5 axb5 21. axb5 Rh8 (21... Qe8 $16 22. Ne3 Qf7) 22. h4 Bc8 23. Bb3 Qe8 24. Ne3 Bf8 $2 (24... h5 $16 {was called for.} 25. Rb1 Bb7) 25. Ra1 Bd7 26. Qc4 c5 27. bxc6 $1 Nbxc6 (27... Nexc6 {was necessary.} 28. Nd5 Qd8) 28. Bxe7 Bxe7 $2 {[#]} (28... Qxe7 29. Nd5 Qe6 30. Nxb6 Qxc4 31. Bxc4 Be8) 29. Ra8 $1 $18 {[%mdl 512] White is clearly winning.} b5 (29... Qxa8 30. Qf7#) 30. Qd5 ({Weaker is} 30. Rxe8 bxc4 31. Rxh8+ Kxh8 $16) 30... Nd8 (30... Bd8 $142 31. Qxb5 Nd4) 31. Ra7 Be6 32. Qc5 Nc6 33. Bxe6 {[#] Black must now prevent Qxc6!} Nxa7 34. Qxa7 {Accuracy: White = 89%, Black = 53%.} 1-0

[Event "II Maxistral Compostela 2020"]
[Site "Santiago de Compostela"]
[Date "2020.02.16"]
[Round "6.3"]
[White "Galego, Luis"]
[Black "Grigoryan, Karen H."]
[Result "1/2-1/2"]
[WhiteElo "2486"]
[BlackElo "2654"]
[Annotator "TA"]
[PlyCount "22"]
[EventDate "2020.02.11"]
[EventType "tourn"]
[EventCountry "ESP"]
[SourceTitle "playchess.com"]
[Source "ChessBase"]
[SourceQuality "1"]

{[%evp 9,22,12,18,14,20,10,18,-6,-6,-13,0,-7,-11,-16,-1]} 1. e4 e5 2. Nf3 Nc6 3. Bc4 Nf6 4. d3 Bc5 5. Nc3 a6 {The position is equal.} 6. Nd5 {C50: Hungarian Defence and Giuoco Pianissimo.} h6 7. Be3 d6 8. h3 Bxe3 {[#]} 9. Nxe3 $146 ({Predecessor:} 9. fxe3 O-O 10. O-O Na5 11. Bb3 Nxb3 12. axb3 c6 13. Nxf6+ Qxf6 14. Qe1 Kh7 15. Qg3 {½-½ (45) Sanchez Perez,P (1715)-Jablanovic,S (1647) Las Palmas 2018}) 9... Na5 10. Bb3 Nxb3 11. axb3 O-O 1/2-1/2

[Event "II Maxistral Compostela 2020"]
[Site "Santiago de Compostela"]
[Date "2020.02.16"]
[Round "6.4"]
[White "Medarde Santiago, Luis Marcos"]
[Black "Gonzalez Trigal, Jose Luis"]
[Result "1/2-1/2"]
[WhiteElo "2246"]
[BlackElo "2369"]
[Annotator "TA"]
[PlyCount "43"]
[EventDate "2020.02.11"]
[EventType "tourn"]
[EventCountry "ESP"]
[SourceTitle "playchess.com"]
[Source "ChessBase"]
[SourceQuality "1"]

{[%evp 16,29,45,37,42,26,28,4,5,8,9,11,12,0,0,0]} 1. e4 c5 2. Nf3 Nc6 3. d4 cxd4 4. Nxd4 e5 5. Nb5 d6 6. N1c3 a6 7. Na3 b5 8. Nd5 Nge7 9. c4 Nxd5 $1 {[%mdl 4] is more profitable than 9...Nd4 at the moment. B32: Sicilian: Löwenthal and Kalashnikov Variations.} 10. cxd5 Nd4 11. Nc2 Bg4 {The position is equal.} 12. Qd3 Nxc2+ $1 13. Qxc2 Be7 14. Be2 Rc8 15. Qd1 {[#]} {Predecessor:} Bxe2 $146 16. Qxe2 O-O 17. O-O f5 18. a4 fxe4 19. axb5 axb5 20. Qxb5 Rc5 21. Qa4 Qb8 22. Qxe4 {½-½ (42) Grechihin,V (2543)-Nilssen,J (2385) Bled 2002} 1/2-1/2

[Event "II Maxistral Compostela 2020"]
[Site "Santiago de Compostela"]
[Date "2020.02.16"]
[Round "6.5"]
[White "Gomez Dieguez, David"]
[Black "Suarez Gomez, Julio"]
[Result "0-1"]
[WhiteElo "2296"]
[BlackElo "2439"]
[Annotator "TA"]
[PlyCount "72"]
[EventDate "2020.02.11"]
[EventType "tourn"]
[EventCountry "ESP"]
[SourceTitle "playchess.com"]
[Source "ChessBase"]
[SourceQuality "1"]

{[%evp 19,72,16,14,2,0,0,19,10,12,11,28,31,21,-14,10,0,48,8,23,33,76,72,84,85,92,62,78,68,62,16,50,64,74,11,23,7,7,-71,-80,-67,-73,-123,-63,-202,-191,-470,-464,-570,-570,-543,-397,-377,-375,-29986,-1253]} 1. e4 e5 2. Nf3 Nc6 3. Bb5 a6 4. Ba4 Nf6 5. O-O Be7 6. Re1 b5 7. Bb3 d6 8. c3 O-O 9. d4 Bg4 10. Be3 Bh5 11. h3 {C91: Closed Ruy Lopez: 7...d6 8 c3 0-0 9 d4.} exd4 ({Don't blunder} 11... Nxe4 $2 12. Bd5 $18) 12. cxd4 d5 13. e5 {The position is equal.} Ne4 $1 14. Nbd2 Nxd2 15. Qxd2 ({Reject} 15. Bxd2 Nxd4 16. g4 Nxb3 $17) 15... Bxf3 16. gxf3 {[#]} Qd7 $146 {With the idea ...Bb4.} ({Predecessor:} 16... Bb4 17. Qc2 Na5 18. Re2 Qd7 19. Kh2 c6 20. Rg1 Qe6 21. a3 Be7 22. Ba2 Nc4 {1-0 (60) Mammadzada,G (2425)-Humburg,P (2256) Riga 2019}) 17. Qd3 Rab8 18. Rac1 Rb6 19. Kh2 g6 20. Bh6 Re8 {[#]} 21. f4 $1 Bf8 22. Bxf8 Rxf8 23. Rc5 Ne7 $1 24. Qf3 {[%cal Rb3d5]} c6 25. Bc2 Qe6 26. f5 (26. Qg4 $16) 26... gxf5 $11 27. Rg1+ Kh8 $1 28. Rg5 (28. Qh5 $11) 28... f6 $17 29. exf6 Qxf6 30. Qf4 Rb7 (30... Ng6 $17 31. Qd2 Nh4) 31. Rh5 ({Better is} 31. Qe5 $15) 31... Ng6 $19 32. Qd2 $2 (32. Qg5 Qxd4 {[%mdl 64] Double Attack} 33. Qe3 Qxe3 34. fxe3) 32... Rg7 33. Rxf5 Qd6+ 34. Kh1 Nh4 35. Rxf8+ Qxf8 36. f4 $2 {[#]} (36. Rc3 $19 b4 37. Rd3) 36... Nf3 {Played: Rg7-g1} 0-1

[Event "II Maxistral Compostela 2020"]
[Site "Santiago de Compostela"]
[Date "2020.02.16"]
[Round "7.1"]
[White "Suarez Gomez, Julio"]
[Black "Strikovic, Aleksa"]
[Result "1/2-1/2"]
[WhiteElo "2439"]
[BlackElo "2479"]
[Annotator "TA"]
[PlyCount "55"]
[EventDate "2020.02.11"]
[EventType "tourn"]
[EventCountry "ESP"]
[SourceTitle "playchess.com"]
[Source "ChessBase"]
[SourceQuality "1"]

{[%evp 10,55,47,39,64,39,49,45,38,39,52,28,33,37,33,31,44,38,36,31,44,54,44,39,85,71,97,94,84,97,108,78,79,93,97,77,100,102,105,79,73,60,83,66,60,67,58,43]} 1. d4 d6 2. e4 Nf6 3. Nc3 e5 4. dxe5 dxe5 5. Qxd8+ Kxd8 6. Bc4 Ke8 {B07: Pirc Defence: Miscellaneous Systems.} 7. f4 Bb4 8. Bd3 Nc6 {[%cal Bb8c6,Bc6e5,Be5c4][%mdl 32]} 9. Nf3 Bg4 10. fxe5 Nd7 11. Bf4 Bxf3 12. gxf3 Ncxe5 13. Be2 f6 {[#]} 14. h4 $146 ({Predecessor:} 14. Bd2 Ng6 15. h4 Bd6 16. h5 Nf4 17. Bf1 c6 18. O-O-O Ke7 19. Be3 Bc7 20. Rh4 {½-½ (56) Sarana,A (2587)-Khismatullin,D (2632) Sochi 2018}) 14... Kf7 15. Bd2 Nb6 16. a3 Bc5 17. f4 $36 {[%mdl 2048] Keeping Black busy.} Nec4 {[#]} 18. Na4 $1 {[%cal Ra4c5][%mdl 512]} Bd6 (18... Nxa4 19. Bxc4+) 19. Nxb6 Nxb6 20. Kf2 Rhe8 21. Kf3 Rad8 22. Bc3 a6 23. a4 {[%cal Ba3a4,Ba4a5][%mdl 32]} Bc5 24. a5 Nc8 25. Rad1 Nd6 26. b4 Ba7 27. Bd3 Nb5 28. Bxb5 {Accuracy: White = 90%, Black = 88%.} 1/2-1/2